书目信息 |
| 题名: |
廖山涛论微分动力系统
|
|
| 作者: | 董镇喜 , 文兰 , 孙文祥 主编 | |
| 分册: | ||
| 出版信息: | 济南 山东教育出版社 2001 |
|
| 页数: | 546,14页 | |
| 开本: | 21cm | |
| 丛书名: | 数学名家论丛 | |
| 单 册: | ||
| 中图分类: | O193-53 | |
| 科图分类: | ||
| 主题词: | 微分--动力系统(数学)--研究--文集 , 动力系统(数学) | |
| 电子资源: | ||
| ISBN: | 7-5328-3108-6 | |
| 000 | 01049oam2 2200313 45 | |
| 001 | 060000026887 | |
| 005 | 20051115152404.73 | |
| 010 | @a7-5328-3108-6@b精装@dCNY45.00 | |
| 092 | @aCN | |
| 100 | @a20050420d2001 ekmy0chiy0120 ea | |
| 101 | 0 | @achi |
| 102 | @aCN@b370000 | |
| 105 | @aaf az 000yy | |
| 200 | 1 | @a廖山涛论微分动力系统@9liao shan tao lun wei fen dong li xi tong@f董镇喜,文兰,孙文祥主编@Fdong zhen xi,wen lan,sun wen xiang zhu bian |
| 210 | @a济南@c山东教育出版社@d2001 | |
| 215 | @a546,14页@c图版@d21cm | |
| 225 | 2 | @a数学名家论丛 |
| 320 | @a有书目 | |
| 330 | @a本书收录了廖山涛院士在各个时期有代表性的学术论文及一般性论述文章,包括对数学发展的整体看法及演讲、报告、自述等。 | |
| 410 | 0 | @12001 @a数学名家论丛 |
| 606 | 0 | @a微分@x动力系统(数学)@x研究@j文集 |
| 606 | 0 | @a动力系统(数学) |
| 690 | @aO193-53@v4 | |
| 701 | 0 | @a董镇喜@Adong zhen xi@4主编 |
| 701 | 0 | @a文兰@Awen lan@4主编 |
| 701 | 0 | @a孙文祥@Asun wen xiang@4主编 |
| 801 | 0 | @aCN@bCXYBOOK@c20051115 |
| 905 | @a10447@dO193-53@e36 | |
| 999 | @aAFJ@eDF | |
| 廖山涛论微分动力系统/董镇喜,文兰,孙文祥主编.-济南:山东教育出版社,2001 |
| 546,14页:图版;21cm.-(数学名家论丛) |
| ISBN 7-5328-3108-6(精装):CNY45.00 |
| 本书收录了廖山涛院士在各个时期有代表性的学术论文及一般性论述文章,包括对数学发展的整体看法及演讲、报告、自述等。 |
| ● |
| 相关链接 |
|
|
|
|
正题名:廖山涛论微分动力系统
索取号:O193-53/36
 
预约/预借
| 序号 | 登录号 | 条形码 | 馆藏地/架位号 | 状态 | 备注 |
| 1 | 0367820 | 203678207 | 第二样本阅览室/ [索取号:O193-53/36] | 在馆 | |
| 2 | 0367821 | 203678216 | 第三借阅区/ [索取号:O193-53/36] | 在馆 | |
| 3 | 0367822 | 203678225 | 第三借阅区/ [索取号:O193-53/36] | 在馆 |